000 00867nas a2200289 4500
001 BR9213300
003 BR-BrBNA
005 20231205095245.0
007 ta
008 230509b bl.|||p| |||| 00| 00por d
040 _aBR-BrBNA
_bpor
_cBiblioteca Nacional de Agricultura
041 _a(Pt)
072 _aL50
100 1 _aPescinini, I.A.
100 1 _aCastro, A.L. de
100 1 _aCarvalho, A.A.F.
100 1 _aCosta, E.F. de A.
245 1 _aReducao da pressoa arterial de ratos hipertensos durante o jejum, mantendo-se a ingestao de agua, sodio ou glicose
650 _aRato
650 _aPressao Arterial
650 _aAgua
650 _aSodio
650 _aGlicose
773 0 _tRevista de Ciencias Biomedicas (Brazil)
_xISSN 0101-322X
_g(1989), v. 10 p. 53-63
_wBR9213300
909 _a202311
_bLúcia
_c55
_dLúcia Elande
942 _2AGRIS
_n0
_cANA
999 _c149642
_d149642